| 000 | 01090cam a2200241 4500 | ||
|---|---|---|---|
| 008 | 030319n2003 000 0 eng u | ||
| 020 | _a1857038649 | ||
| 035 | _a(Sirsi) u121676 | ||
| 041 | _aeng. | ||
| 050 |
_a332.6324 _c18 |
||
| 100 | _aBooth, Tony | ||
| 245 | 4 | _aThe buy to let handbook: how to invest wisely in residential property and manage the letting yourself | |
| 260 |
_aOxford _bHow To Books _c2003 |
||
| 300 |
_axv, 176p. _c22cm. |
||
| 350 | _a9.99 | ||
| 520 | _aOffers guidance on buying, preparing and letting a suitable investment property. Among the issues considered are: how to find and buy the right property; how to find good tenants; where to obtain forms and how to complete tenancy agreements; how to deal with deposits and rent arrears; complying with current legislation; and how to regain possession of a property. Also includes a chapter on letting property in Scotland. | ||
| 650 | _aBUY-TO-LET | ||
| 650 | _aINVESTMENT PROPERTIES | ||
| 650 |
_aRESIDENTIAL PROPERTY _96266 |
||
| 650 | _aLETTINGS MANAGEMENT | ||
| 690 | _aINVESTMENT | ||
| 942 | _n0 | ||
| 999 |
_c102704 _d102704 |
||